000 00807nam a22002537a 4500
001 81291
003 UA-OsUOA
005 20210707204932.0
007 ta
008 20120123b un ||||| |||| 00| 0 ukr d
020 _a978-966-06-0499-5
040 _aUA-OsUOA
_bukr
_cUA-OsUOA
_dUA-OsUOA
041 _aukr
080 _a7.071.1
090 _a7.071.1
_bТ18
100 _aТанюк Л.
245 _aМар'ян Крушельницький: Школа образного перевтілення, заповідана Лесем Курбасом
260 _aК.
_bЛибідь
_c2007
300 _a360 с.
650 7 _a7.0 Загальні питання мистецтва
_2UDC
942 _cBK
_2udc
955 _a4
999 _c367623
_d367623